|
|
|
|
| LEADER |
00000nab a2200000 a 4500 |
| 001 |
vtls001006884 |
| 003 |
SK-MaSNL |
| 005 |
20260303040427.0 |
| 008 |
040720e19950823xo 0 slo |
| 035 |
|
|
|a RV7484
|
| 040 |
|
|
|a RVGKPD
|b slo
|c RVGKPD
|e AACR2
|
| 041 |
0 |
|
|a slo
|
| 044 |
|
|
|a xo
|c SK
|
| 080 |
|
|
|a 550.8
|2 1981
|
| 080 |
|
|
|a 553
|2 1981
|
| 100 |
1 |
|
|a Rudohradský, Vladimír
|4 aut
|9 879905
|
| 245 |
1 |
0 |
|a Klondike to nebude
|b Rožňavskí geológovia privedú ďalšie litre vody pre smädnú metropolu
|
| 610 |
2 |
7 |
|a Geologický prieskum (Rožňava, Slovensko)
|2 RVGKPD
|9 756930
|
| 650 |
0 |
7 |
|a rozvojové programy a projekty
|2 RVGKPD
|9 88184
|
| 651 |
|
7 |
|a Rožňava (Slovensko)
|2 RVGKPD
|9 17394
|
| 655 |
|
7 |
|a periodikum
|2 snkbucl
|9 29553
|
| 710 |
2 |
|
|a Geologický prieskum (Rožňava, Slovensko)
|4 aut
|9 756930
|
| 773 |
0 |
8 |
|t Lúč
|g Roč. 4, č.196, 23.8.1995, s. 4
|
| 852 |
|
|
|a ZVYKNI
|b KIS3GCP
|
| 999 |
|
|
|c 1681921
|d 1683851
|